00587nam a2200145Ia 4500008004100000020002200041041000800063082002500071100001700096245008500113260003700198300000900235999001900244952017800263230411s9999 xx 000 0 und d a978-93-86150-73-8 aeng aAD/371.33/COR/B09054 aCorreia Cecy aCreative Tools and Techniques of Multidimentional Educational Methods in Nursing bJaypee BrothersaNew Delhic2017 a454p c158398d158398 001040708ADaBTINbBTINd2018-12-21ePatil Medical Book Houseg895.00i7252j2l0oAD 371.33 COR B09054pBTIN-BK-9054r2023-04-11 00:00:00v608.60w2018-12-06yBKzB09054